=LDR 00000nam 2200000 4500 =001 INLIS000000000035985 =005 20130612141810 =008 ***********************************Ind** =035 ##$$0010-061300000035985 =041 ##$$a Ind =082 ##$$a 631.3 =090 ##$$a 631.3 =100 ##$$a Soedjono =245 ##$$a Alat pengolah pertanian, Soe =260 ##$$a 1998 $b Semarang =300 ##$$a v, 59 Hlm, Ilus, 20 cm =700 ##$$a Soedjono =850 ##$$a NBPNMAT